000
00267nam a2200121Ia 4500
008
190216s9999||||xx |||||||||||||| ||und||
100
_a
Dhoomakethu
245
0
_a
Hindi-Vaishali
260
_b
Kala Sahithya Samsthan
300
_a
191
650
_a
Hindi
942
_c
BK
999
_c
16321
_d
16321